Tour des Etats-Unis - Statistiques

Statistiques générales
  • Ce quiz a été pris 209 fois
  • Le résultat moyen est 33 sur 48
Statistiques - réponses
Réponse % Correct
Washington
100%
Idaho
88%
Montana
87%
Dakota du Nord
84%
Dakota du Sud
83%
Californie
75%
Nouveau-Mexique
74%
Arizona
73%
Utah
73%
Louisiane
72%
Floride
71%
Géorgie
71%
Nevada
71%
Oregon
71%
Wyoming
71%
Caroline du Nord
70%
Caroline du Sud
70%
Colorado
70%
Nebraska
70%
Illinois
69%
Oklahoma
69%
Alabama
68%
Kansas
68%
Texas
68%
Indiana
67%
Mississippi
67%
Maine
66%
Ohio
66%
Iowa
65%
Tennessee
65%
Michigan
64%
Rhode Island
64%
Arkansas
63%
Missouri
63%
New York
63%
Vermont
62%
Minnesota
61%
Virginie-Occidentale
61%
Wisconsin
61%
Connecticut
60%
Maryland
60%
Virginie
60%
Delaware
59%
Kentucky
59%
New Hampshire
59%
New Jersey
59%
Pennsylvanie
59%
Massachusetts
55%
Aucun quiz correspondant
Distribution des résultats
% des personnes avec chaque résultat
Percentile par nombre de réponses
Votre historique - résultats
Vous n’avez pas pris ce quiz